000
00190 a2200085 4500
020
_a
9789386806239
100
_a
Munsuri Shahida
245
_a
Metropolitan Planning
260
_b
Ishwar books
_c
2019
999
_c
13113
_d
13113